El vitral /

Colección que ofrece orientación técnica para la prácticas de las artes plásticas y aplicadas, detallando procedimientos, materiales y herramientas vinculadas con cada caso que aborda.

Tallennettuna:
Bibliografiset tiedot
Päätekijä: Valldepérez, Pere (autor)
Muut tekijät: Canal, María Fernanda (dirección editorial) (dirección editorial)
Aineistotyyppi: Kirja
Kieli:espanja
Julkaistu: Barcelona, España : Parramón, 1999, c1999
Sarja:(Artes y Oficios)
Aiheet:
Tagit: Lisää tagi
Ei tageja, Lisää ensimmäinen tagi!

MARC

LEADER 00000nam^a2200000^a^4500
001 000110881
005 20250521000000.0
009 20260310093811.921
020 |a 84-342-1763-5 
037 |a Acervo ITESO - Biblioteca 
041 |a ESP 
082 |a 702.  |b ART V. 7 
100 |a Valldepérez, Pere  |e (autor) 
245 1 3 |a El vitral /  |c P. Valldepérez ; dir. editorial de M.F. Canal. 
246 2 |a Título en la cubierta: El vitral: la técnica, el arte y la restauración de los vitrales explicados con rigor y claridad 
264 4 |a Barcelona, España :  |b Parramón,  |c 1999, c1999 
300 |a 160 p. 
336 |a texto  |b txt  |2 rdacontenido 
337 |a sin mediación  |b n  |2 rdamedio 
338 |a volumen  |b nc  |2 rdasoporte 
440 1 |a (Artes y Oficios) 
520 |a Colección que ofrece orientación técnica para la prácticas de las artes plásticas y aplicadas, detallando procedimientos, materiales y herramientas vinculadas con cada caso que aborda. 
520 |a La obra inicia con una historia del vitral, desde la Edad Media hasta nuestros días. Describe después los materiales, herramientas y aspectos técnicos para la elaboración de vitrales. Enseguida se habla de los distintos tipos de vitrales y finalmente de la restauración de ellos. 
649 |a XX 
650 |a Vitrales -  |x Tema Principal 
650 |a Vitrales -  |x Técnica 
650 |a Artesanía de Vidrio -  |x Tema Principal 
650 |a Artesanía de Vidrio -  |x Técnica 
650 |a Artesanía -  |x Técnica 
650 |a Artesanía -  |x Materiales y Equipo 
650 |a Artesanía -  |x Enciclopedias y Diccionarios 
650 |a Arte Popular -  |x Técnica 
650 |a Arte Popular -  |x Materiales y Equipo 
650 |a Arte -  |x Técnica 
650 |a Arte -  |x Materiales y Equipo 
650 |a Arte -  |x Enciclopedias y Diccionarios 
650 |a Enciclopedias y Diccionarios 
700 |a Canal, María Fernanda  |e (dirección editorial) 
910 |a Fondo General 
920 |a Impresos - Libros 
930 |a Obras de Referencia 
905 |a 102 
901 |a 0500046700  |b IT2  |c REF  |u 20250521 
902 |a https://opac.biblio.iteso.mx/vufind/Record/000110881